00551nam a2200157Ia 4500008004000000082001500040100002400055245007200079260004700151300000800198650002200206690001400228906001100242999001700253952012300270210210b1980 xxu||||| |||| 00| 0 eng d a377.1 MORY aMORISSETTE (Herve). aYouth aware: fifteen themes for youth catechesis on social problem. aBangalore.bThe Holy Cross Fathers.,c1980 a263 aValue Education  aEducation a037849 c88233d88233 001040708EducationaALbALcEducationd2021-02-17g0.00l0o377.1 MORYp037849r2021-02-17 00:00:00w2021-02-17yBK